| 000 | 01154nam a2200325 i 4500 | ||
|---|---|---|---|
| 001 | 197868 | ||
| 003 | ES-MaACL | ||
| 005 | 20251217063026.0 | ||
| 008 | 251015s2012 sp |||| 000 1 spa | ||
| 017 |
_aB 3881-2012 _bOficina Depósito Legal Barcelona |
||
| 020 | _a978-84-236-7657-6 | ||
| 040 |
_aES-MaACL _bspa _cES-MaACL _erda |
||
| 080 | _a821.134.2-31"19" | ||
| 100 | 1 |
_aSierra i Fabra, Jordi, _d1947- _9238511 _eaut |
|
| 245 | 1 | 0 |
_aDonde esté mi corazón / _cJordi Sierra i Fabra |
| 250 | _a19ª edición | ||
| 264 | 1 |
_a[Barcelona] : _bEdebé, _c[2012] |
|
| 300 |
_a209 páginas ; _c21 cm |
||
| 336 |
_2rdacontent _aTexto |
||
| 337 |
_2rdamedia _asin mediación |
||
| 338 |
_2rdacarrier _avolumen |
||
| 490 | 0 |
_aPeriscopio ; _v41 |
|
| 655 | 4 |
_2tgfbne _9226780 _aNovelas de amor |
|
| 700 | 1 |
_aPuebla, Teo _d1943- _9163263 |
|
| 852 |
_aES-MaACL _cDEPO1 _jA-15885 _hDonación: José Lázaro García _xEncuadernación rústica con solapas _9206994 |
||
| 942 |
_cMONOGRAFIA _n0 |
||
| 999 |
_c197868 _d197868 |
||